Statistiques concernant Petit Bac #81 - Personnages du Seigneur des Anneaux

Cliquez ici pour prendre le quiz!

Statistiques générales

  • Ce quiz a été pris 2 084 fois
  • Le résultat moyen est 11 sur 16

Statistiques - réponses

1ère lettrePersonnage% Correct
GGandalf / Gollum / Gimli / Galadriel / Grima Langue-de-Serpent / Grands-Pas / Gamelin / Gil-Galad / Grimbold / Grishnákh / Gorbag
98%
AAragorn / Arwen / Arachne / Aldor
96%
BBilbon Sacquet / Boromir / Bouche de Sauron / Bereg
95%
SSam Gamegie / Sméagol / Sauron / Saroumane / Sylvebarbe / Sharku / Shagrat
95%
FFrodon Sacquet / Faramir / Fierpied (Mme) / Freda
94%
LLegolas / Lurtz / Lobelia Sacquet
87%
PPippin / Prosper PoiredeBeurre
85%
MMerry / Mithrandir / Maggot (Père) / Madril / Morwen / Mauhúr
82%
EElrond / Eomer / Eowyn / Elendil / Everard Fierpied / Eothain / Eldarion / Elanor Gamegie / Elessar Telcontar
81%
TThéoden / Theodred
56%
DDenethor / Déagol / Damrod
53%
IIsildur / Irolas
49%
CCeleborn
32%
RRoi-Sorcier d'Angmar / Roi des Morts / Rosie Chaumine
25%
HHaldir / Hama / Haleth / Hamfast Gamegie
23%
UUglúk
11%

Distribution des résultats

Percentile par nombre de réponses

% des personnes avec chaque résultat

Votre développement - résultats

Vous n’avez pas pris ce quiz